[Event "SRB-chT Premier"]
[Site "Vrnjacka Banja"]
[Date "2022.09.24"]
[Round "5.3"]
[White "Rajkovic, Mladen"]
[Black "Lukovic, Vladimir"]
[Result "1/2-1/2"]
[WhiteElo "2335"]
[BlackElo "2419"]
[PlyCount "48"]
[EventDate "2022.09.20"]
[EventType "team-tourn"]
[EventRounds "11"]
[EventCountry "SRB"]
[SourceTitle "CBM 210 Extra"]
[Source "ChessBase"]
[SourceDate "2022.11.30"]
[SourceVersion "1"]
[SourceVersionDate "2022.11.30"]
[SourceQuality "1"]
[WhiteTeam "Lucani Mladost"]
[BlackTeam "Belgrade Zmaj"]
[WhiteTeamCountry "SRB"]
[BlackTeamCountry "SRB"]

1. e4 e5 2. Nf3 Nc6 3. Bb5 a6 4. Ba4 Nf6 5. 0-0 Be7 6. Re1 b5 7. Bb3 d6 8. c3 0-0 9. d4 Bg4 10. Be3 Bd7 11. Nbd2 Ng4 12. Nf1 Nxe3 13. Nxe3 Bf6 14. Nd5 Rb8 15. h3 g6 16. Nxf6+ Qxf6 17. dxe5 Nxe5 18. Nxe5 Qxe5 19. Qd5 Qxd5 20. Bxd5 Be6 21. Rad1 Bxd5 22. exd5 Rfe8 23. Kf1 Kf8 24. f3 Re7 1/2-1/2

[Event "PNWCC vs Europe Hybrid 08"]
[Site "Chess.com INT"]
[Date "2022.08.21"]
[Round "5"]
[White "Yu, Jiangwei"]
[Black "Rajkovic, Mladen"]
[Result "1/2-1/2"]
[WhiteElo "2151"]
[BlackElo "2390"]
[PlyCount "97"]
[EventDate "2022.08.19"]
[EventType "team-match"]
[EventRounds "8"]
[EventCountry "USA"]
[SourceTitle "EXT 2024"]
[Source "ChessBase"]
[SourceDate "2023.10.10"]
[SourceVersion "1"]
[SourceVersionDate "2023.10.10"]
[SourceQuality "1"]
[WhiteTeam "PNWCC"]
[BlackTeam "Europe"]
[WhiteTeamCountry "USA"]

1. d4 Nf6 2. c4 e5 3. dxe5 Ng4 4. Nf3 Bc5 5. e3 Nc6 6. Nc3 Ngxe5 7. Nxe5 Nxe5 8. f4 Nc6 9. Be2 0-0 10. a3 Re8 11. Qd3 a5 12. 0-0 d6 13. Kh1 f5 14. Bf3 Be6 15. Bd2 Qd7 16. Rae1 a4 17. Nd5 Na5 18. e4 c6 19. Bxa5 Rxa5 20. exf5 Bf7 21. Nc3 Bb6 22. Be4 Bd8 23. Bf3 Bc7 24. Rxe8+ Qxe8 25. Ne4 d5 26. Ng5 dxc4 27. Qc3 Rxf5 28. Re1 Qd8 29. Nxf7 Rxf7 30. Qxc4 Bxf4 31. Re4 Bd6 32. Qxa4 g6 33. Qb3 Qg5 34. g3 Qf5 35. Kg2 Be5 36. Re2 h5 37. Qe3 Bg7 38. h4 Bf8 39. Qe4 Qf6 40. b4 Bd6 41. Qe3 Bc7 42. Rf2 Qd6 43. Be2 Re7 44. Bc4+ Kg7 45. Qf3 Rd7 46. Ba2 Qe7 47. Qc3+ Qe5 48. Qf3 Kh7 49. Re2 1/2-1/2

[Event "SRB-chT Premier"]
[Site "Vrnjacka Banja"]
[Date "2021.09.13"]
[Round "8.4"]
[White "Rajkovic, Mladen"]
[Black "Arsovic, Zoran"]
[Result "1-0"]
[WhiteElo "2390"]
[BlackElo "2371"]
[PlyCount "59"]
[EventDate "2021.09.07"]
[EventType "team-tourn"]
[EventRounds "11"]
[EventCountry "SRB"]
[SourceTitle "CBM 204 Extra"]
[Source "ChessBase"]
[SourceDate "2021.11.30"]
[SourceVersion "1"]
[SourceVersionDate "2021.11.30"]
[SourceQuality "1"]
[WhiteTeam "Lucani Mladost"]
[BlackTeam "Kac Jugovic"]
[WhiteTeamCountry "SRB"]
[BlackTeamCountry "SRB"]

1. e4 c5 2. Nf3 e6 3. d4 cxd4 4. Nxd4 Nf6 5. Nc3 Nc6 6. Nxc6 bxc6 7. e5 Nd5 8. Ne4 Qc7 9. f4 Bb7 10. c4 Bb4+ 11. Ke2 0-0 12. cxd5 cxd5 13. Qd4 a5 14. a3 Be7 15. Qc3 Qb8 16. Nf6+ Bxf6 17. exf6 e5 18. Qg3 g6 19. fxe5 Re8 20. Kf2 Rxe5 21. Kg1 Qa7+ 22. Qf2 d4 23. Bf4 Rf5 24. Re1 Rxf6 25. h4 Qc5 26. h5 Qf5 27. Rh4 g5 28. Qg3 h6 29. Be5 Qh7 30. Bxd4 1-0

[Event "PNWCC-Belgrade Hybrid"]
[Site "Chess.com INT"]
[Date "2021.05.22"]
[Round "2.1"]
[White "Peng, Shunkai"]
[Black "Rajkovic, Mladen"]
[Result "0-1"]
[WhiteElo "2330"]
[BlackElo "2390"]
[PlyCount "102"]
[EventDate "2021.05.22"]
[EventType "team-match"]
[EventRounds "4"]
[EventCountry "USA"]
[SourceTitle "CBM 202 Extra"]
[Source "ChessBase"]
[SourceDate "2021.07.31"]
[SourceVersion "1"]
[SourceVersionDate "2021.07.31"]
[SourceQuality "1"]
[WhiteTeam "PNWCC"]
[BlackTeam "Belgrade"]
[WhiteTeamCountry "USA"]
[BlackTeamCountry "SRB"]

1. e4 e5 2. Nf3 Nc6 3. Bb5 a6 4. Ba4 Nf6 5. 0-0 b5 6. Bb3 Be7 7. a4 Bb7 8. d3 d6 9. axb5 axb5 10. Rxa8 Bxa8 11. Nc3 Qb8 12. Nd5 Nxd5 13. Bxd5 0-0 14. Ng5 Nd8 15. Bb3 h6 16. Nh3 c5 17. Qh5 c4 18. dxc4 bxc4 19. Bxc4 Bxe4 20. Bb3 Qc8 21. Be3 Bxc2 22. Bxc2 Qxc2 23. b4 Ne6 24. Qg4 Kh7 25. b5 d5 26. Rc1 Qg6 27. Qxg6+ Kxg6 28. Ba7 Bd6 29. Kf1 Kf6 30. Ng1 Ke7 31. Ne2 d4 32. Ng3 f5 33. b6 Bc5 34. Nh5 Kd6 35. Nxg7 Nxg7 36. Rxc5 Kxc5 37. b7+ Kc4 38. b8Q Rxb8 39. Bxb8 e4 40. Ke2 Kc3 41. Bf4 h5 42. f3 Ne6 43. Bd2+ Kc4 44. g3 e3 45. Bxe3 dxe3 46. Kxe3 Kd5 47. h3 h4 48. Kf2 f4 49. gxh4 Ng7 50. Ke2 Kd4 51. Kd2 Nh5 0-1

[Event "Titled Tuesday intern op 19th Jan"]
[Site "Chess.com INT"]
[Date "2021.01.19"]
[Round "9"]
[White "Gunina, Valentina"]
[Black "Rajkovic, Mladen"]
[Result "1-0"]
[WhiteElo "2427"]
[BlackElo "2397"]
[PlyCount "53"]
[EventDate "2021.01.19"]
[EventType "swiss (blitz)"]
[EventRounds "11"]
[EventCountry "USA"]
[SourceTitle "CBM 200 Extra"]
[Source "ChessBase"]
[SourceDate "2021.03.31"]
[SourceVersion "1"]
[SourceVersionDate "2021.03.31"]
[SourceQuality "1"]

1. d4 Nf6 2. c4 e5 3. dxe5 Ng4 4. Nf3 Bc5 5. e3 Nc6 6. Nc3 Ngxe5 7. Nxe5 Nxe5 8. Be2 0-0 9. 0-0 Re8 10. b3 a5 11. Bb2 Ra6 12. Nd5 Ba7 13. Kh1 Rh6 14. f4 Qh4 15. h3 d6 16. Qe1 Qxe1 17. Raxe1 Ng4 18. Nxc7 Rd8 19. Bxg4 Bxg4 20. Bd4 Bxd4 21. exd4 Bd7 22. f5 Kf8 23. Ne6+ fxe6 24. fxe6+ Rf6 25. e7+ Ke8 26. exd8Q+ Kxd8 27. Rxf6 1-0

[Event "Titled Tuesday intern op 19th Jan"]
[Site "Chess.com INT"]
[Date "2021.01.19"]
[Round "1"]
[White "Rajkovic, Mladen"]
[Black "Mayaud, Raphael"]
[Result "0-1"]
[WhiteElo "2397"]
[BlackElo "2202"]
[PlyCount "62"]
[EventDate "2021.01.19"]
[EventType "swiss (blitz)"]
[EventRounds "11"]
[EventCountry "USA"]
[SourceTitle "CBM 200 Extra"]
[Source "ChessBase"]
[SourceDate "2021.03.31"]
[SourceVersion "1"]
[SourceVersionDate "2021.03.31"]
[SourceQuality "1"]

1. e4 d5 2. exd5 Qxd5 3. Nf3 Bg4 4. Be2 Nc6 5. c4 Qd7 6. d4 Bxf3 7. Bxf3 Nxd4 8. Bxb7 Rb8 9. Bd5 c5 10. 0-0 e6 11. Bf3 Nf6 12. Nc3 Be7 13. b3 0-0 14. Bf4 Bd6 15. Bg5 Qc7 16. g3 Be5 17. Bg2 h6 18. Be3 Rfd8 19. Qc1 Qa5 20. Rb1 Qxc3 21. Qa3 Nc2 22. Qxc5 Nxe3 23. fxe3 Qb4 24. Qxe5 Rd2 25. a3 Qb6 26. c5 Qb5 27. a4 Qe2 28. Qxb8+ Kh7 29. Qa8 Nd5 30. Be4+ f5 31. Qxd5 Qxh2# 0-1

[Event "Titled Tuesday intern op 19th Jan"]
[Site "Chess.com INT"]
[Date "2021.01.19"]
[Round "3"]
[White "Rajkovic, Mladen"]
[Black "Trichkov, Vasil"]
[Result "0-1"]
[WhiteElo "2397"]
[BlackElo "2302"]
[PlyCount "130"]
[EventDate "2021.01.19"]
[EventType "swiss (blitz)"]
[EventRounds "11"]
[EventCountry "USA"]
[SourceTitle "CBM 200 Extra"]
[Source "ChessBase"]
[SourceDate "2021.03.31"]
[SourceVersion "1"]
[SourceVersionDate "2021.03.31"]
[SourceQuality "1"]

1. e4 c5 2. Nf3 d6 3. d4 Nf6 4. dxc5 Qa5+ 5. Nc3 Nxe4 6. cxd6 Nxc3 7. bxc3 exd6 8. Bd3 Be7 9. 0-0 0-0 10. Bd2 Bf6 11. Nd4 Nc6 12. Nxc6 bxc6 13. c4 Qc7 14. Rb1 Be6 15. Qh5 g6 16. Qf3 Bg7 17. h4 h5 18. Rb3 d5 19. c5 Qe7 20. Bb4 Qxh4 21. g3 Qg4 22. Qxg4 Bxg4 23. Bc3 Rab8 24. Bxg7 Kxg7 25. Rfb1 Rxb3 26. Rxb3 Bc8 27. Ra3 a6 28. Bxa6 Bxa6 29. Rxa6 Rc8 30. f4 Kf6 31. Kf2 Kf5 32. Kf3 f6 33. a4 g5 34. a5 gxf4 35. gxf4 h4 36. Rb6 h3 37. Rb1 Ra8 38. Ra1 h2 39. Kg2 Kxf4 40. Kxh2 Ke4 41. Kg3 Kd4 42. Kf4 Kxc5 43. Kf5 Ra6 44. Kxf6 Kb5 45. Ke6 Rxa5 46. Rb1+ Kc5 47. Rb3 d4 48. Ke5 Kc4+ 49. Ke4 Rh5 50. Rg3 Rh4+ 51. Ke5 c5 52. Kd6 Rh5 53. Kc6 Kb4 54. Rd3 Rh2 55. Rb3+ Kc4 56. Rb2 Rh6+ 57. Kd7 Kc3 58. Ra2 c4 59. Ke7 Rh2 60. Ra3+ Kb2 61. Ra4 Rxc2 62. Kd6 d3 63. Kc5 d2 64. Rb4+ Ka3 65. Rb1 Rc1 0-1

[Event "Belgrade Trophy 34th"]
[Site "Belgrade"]
[Date "2020.12.01"]
[Round "8"]
[White "Risteski, Emil"]
[Black "Rajkovic, Mladen"]
[Result "1/2-1/2"]
[WhiteElo "2213"]
[BlackElo "2394"]
[PlyCount "65"]
[EventDate "2020.11.24"]
[EventType "swiss"]
[EventRounds "9"]
[EventCountry "SRB"]
[SourceTitle "CBM 199 Extra"]
[Source "ChessBase"]
[SourceDate "2021.01.31"]
[SourceVersion "1"]
[SourceVersionDate "2021.01.31"]
[SourceQuality "1"]

1. e4 e5 2. Nf3 Nc6 3. Bc4 Bc5 4. c3 Nf6 5. d3 d6 6. 0-0 0-0 7. Bb3 a6 8. Re1 Ba7 9. h3 h6 10. Nbd2 Nh5 11. Nf1 Qf6 12. Be3 Nf4 13. Ng3 g5 14. Nh2 Qg6 15. d4 Rd8 16. Bc2 Qg7 17. d5 Ne7 18. Bxa7 Rxa7 19. Ng4 h5 20. Ne3 h4 21. Ngf5 Bxf5 22. exf5 c6 23. c4 b5 24. g3 hxg3 25. fxg3 bxc4 26. gxf4 gxf4+ 27. Kh1 Qh6 28. Qg4+ Kh8 29. f6 Rg8 30. Nf5 Nxf5 31. Qxf5 Rg5 32. Qc8+ Rg8 33. Qf5 1/2-1/2

[Event "Belgrade Trophy 34th"]
[Site "Belgrade"]
[Date "2020.11.26"]
[Round "3"]
[White "Rajkovic, Mladen"]
[Black "Zhapova, Yana"]
[Result "1/2-1/2"]
[WhiteElo "2394"]
[BlackElo "1854"]
[PlyCount "119"]
[EventDate "2020.11.24"]
[EventType "swiss"]
[EventRounds "9"]
[EventCountry "SRB"]
[SourceTitle "CBM 199 Extra"]
[Source "ChessBase"]
[SourceDate "2021.01.31"]
[SourceVersion "1"]
[SourceVersionDate "2021.01.31"]
[SourceQuality "1"]

1. e4 c5 2. Ne2 Nc6 3. Nbc3 Nd4 4. f4 g6 5. Nxd4 cxd4 6. Nb5 Bg7 7. c3 dxc3 8. dxc3 d6 9. Bd3 a6 10. Nd4 e5 11. Nf3 Ne7 12. fxe5 dxe5 13. Be3 0-0 14. 0-0 b5 15. a4 bxa4 16. Rxa4 a5 17. b4 Be6 18. Ng5 Bh6 19. Kh1 Bb3 20. Qxb3 Qxd3 21. Re1 Kg7 22. bxa5 Nc6 23. Qd5 Qxc3 24. Bd2 Qb2 25. Ra2 Qb7 26. Rc1 Rfd8 27. Qxc6 Qxc6 28. Rxc6 Bxg5 29. Rcc2 Bxd2 30. Rxd2 Rxd2 31. Rxd2 Rxa5 32. g4 Ra4 33. Re2 Kf6 34. h4 h6 35. Kg2 Ke6 36. g5 hxg5 37. hxg5 f5 38. gxf6 Kxf6 39. Kf3 Ra3+ 40. Kg4 Ra1 41. Rf2+ Ke6 42. Rb2 Rg1+ 43. Kf3 Kf6 44. Rb6+ Kg7 45. Re6 Rg5 46. Ra6 Kh6 47. Rc6 Kh5 48. Rc1 Kh6 49. Rc6 Kg7 50. Ra6 Rh5 51. Ra7+ Kf6 52. Ra6+ Kg5 53. Re6 Rh3+ 54. Kg2 Re3 55. Rxe5+ Kf4 56. Re8 g5 57. e5 Re2+ 58. Kf1 Rxe5 59. Rxe5 Kxe5 60. Kg2 1/2-1/2

[Event "SRB-chT Premier"]
[Site "Ruma"]
[Date "2020.10.01"]
[Round "9.2"]
[White "Bogosavljevic, Boban"]
[Black "Rajkovic, Mladen"]
[Result "1/2-1/2"]
[WhiteElo "2493"]
[BlackElo "2389"]
[PlyCount "50"]
[EventDate "2020.09.25"]
[EventType "team-tourn"]
[EventRounds "11"]
[EventCountry "SRB"]
[SourceTitle "CBM 198 Extra"]
[Source "ChessBase"]
[SourceDate "2020.11.30"]
[SourceVersion "1"]
[SourceVersionDate "2020.11.30"]
[SourceQuality "1"]
[WhiteTeam "Goracici Jelica"]
[BlackTeam "Lucani Mladost"]
[WhiteTeamCountry "SRB"]
[BlackTeamCountry "SRB"]

1. d4 Nf6 2. Nf3 g6 3. c4 Bg7 4. Nc3 d5 5. cxd5 Nxd5 6. e4 Nxc3 7. bxc3 0-0 8. Be3 c5 9. Qd2 Qa5 10. Rc1 Rd8 11. h4 Nc6 12. d5 e6 13. h5 exd5 14. hxg6 hxg6 15. Bh6 dxe4 16. Bxg7 Kxg7 17. Qh6+ Kf6 18. Qh4+ Kg7 19. Ng5 Bf5 20. Bc4 Ne5 21. Qh2 Qc7 22. Qh6+ Kf6 23. Qh4 Kg7 24. Qh6+ Kf6 25. Qh4 Kg7 1/2-1/2

[Event "Belgrade Rating op 2nd"]
[Site "Belgrade"]
[Date "2020.03.01"]
[Round "5"]
[White "Rajkovic, Mladen"]
[Black "Krstic, Milos M"]
[Result "1-0"]
[WhiteElo "2383"]
[BlackElo "2015"]
[PlyCount "89"]
[EventDate "2020.02.28"]
[EventType "swiss"]
[EventRounds "5"]
[EventCountry "SRB"]
[SourceTitle "CBM 195 Extra"]
[Source "ChessBase"]
[SourceDate "2020.05.31"]
[SourceVersion "1"]
[SourceVersionDate "2020.05.31"]
[SourceQuality "1"]

1. e4 e5 2. Nf3 Nf6 3. Nxe5 d6 4. Nf3 Nxe4 5. Bd3 Nf6 6. 0-0 Be7 7. h3 0-0 8. c3 Nbd7 9. Bc2 Re8 10. d4 d5 11. Ne5 Nf8 12. Nd2 Bd6 13. f4 c6 14. Ndf3 Ne4 15. Bxe4 dxe4 16. Ng5 f6 17. Qb3+ Ne6 18. Nef7 Qe7 19. Nxd6 Qxd6 20. Nxe4 Qd5 21. Qxd5 cxd5 22. Nd6 Rd8 23. Nxc8 Raxc8 24. f5 Nc7 25. Bf4 Ne8 26. Rae1 Kf7 27. g4 Nd6 28. Bxd6 Rxd6 29. Re3 Rb6 30. Rf2 g6 31. Rfe2 Rc7 32. Kg2 Rd7 33. Kg3 Ra6 34. a3 Rb6 35. Kf4 a5 36. h4 Rb3 37. fxg6+ hxg6 38. h5 b5 39. h6 Kg8 40. Re8+ Kh7 41. g5 b4 42. axb4 axb4 43. gxf6 bxc3 44. bxc3 Rbb7 45. R8e7+ 1-0

[Event "Belgrade Rating op 2nd"]
[Site "Belgrade"]
[Date "2020.03.01"]
[Round "4"]
[White "Stosic, Slobodan"]
[Black "Rajkovic, Mladen"]
[Result "1-0"]
[WhiteElo "1973"]
[BlackElo "2383"]
[PlyCount "71"]
[EventDate "2020.02.28"]
[EventType "swiss"]
[EventRounds "5"]
[EventCountry "SRB"]
[SourceTitle "CBM 195 Extra"]
[Source "ChessBase"]
[SourceDate "2020.05.31"]
[SourceVersion "1"]
[SourceVersionDate "2020.05.31"]
[SourceQuality "1"]

1. d4 Nf6 2. Nf3 g6 3. g3 Bg7 4. Bg2 0-0 5. 0-0 d5 6. b3 c5 7. Bb2 Ne4 8. e3 Nc6 9. Nbd2 f5 10. c4 e6 11. a3 b6 12. Rc1 Ba6 13. Re1 Na5 14. cxd5 exd5 15. b4 cxb4 16. axb4 Nc4 17. Qa4 Qc8 18. b5 Nxb2 19. Qb3 Nc4 20. Nxc4 dxc4 21. Rxc4 Qe6 22. bxa6 Rac8 23. Bf1 Kh8 24. Qb4 g5 25. Rec1 Rce8 26. Bd3 Nxf2 27. Kxf2 Qxe3+ 28. Kg2 Qxd3 29. Ne5 Bxe5 30. dxe5 f4 31. gxf4 gxf4 32. Rxf4 Rg8+ 33. Kh1 Rxe5 34. Qc4 Qd2 35. Qxg8+ Kxg8 36. Rg1+ 1-0

[Event "Belgrade Rating op 2nd"]
[Site "Belgrade"]
[Date "2020.02.28"]
[Round "1"]
[White "Rajkovic, Mladen"]
[Black "Petrovic, Aleksa"]
[Result "1-0"]
[WhiteElo "2383"]
[BlackElo "2094"]
[PlyCount "93"]
[EventDate "2020.02.28"]
[EventType "swiss"]
[EventRounds "5"]
[EventCountry "SRB"]
[SourceTitle "CBM 195 Extra"]
[Source "ChessBase"]
[SourceDate "2020.05.31"]
[SourceVersion "1"]
[SourceVersionDate "2020.05.31"]
[SourceQuality "1"]

1. e4 c5 2. Nf3 d6 3. d4 cxd4 4. Nxd4 Nf6 5. f3 e6 6. c4 Be7 7. Nc3 0-0 8. Be3 a6 9. Be2 b6 10. 0-0 Bb7 11. Qd2 Nbd7 12. Rac1 Rc8 13. a3 Kh8 14. b4 Ne5 15. Na4 d5 16. exd5 exd5 17. c5 bxc5 18. Nxc5 Bxc5 19. bxc5 Nc4 20. Bxc4 dxc4 21. Rxc4 Qd5 22. Rfc1 Bc6 23. Nxc6 Qxc6 24. Rd4 Rc7 25. Rd6 Qb5 26. c6 Rfc8 27. Rd8+ Ng8 28. Rxc8 Rxc8 29. Qd7 Qb3 30. Bd4 Qxa3 31. Re1 Qb4 32. Rf1 Rxc6 33. Bxg7+ Kxg7 34. Qxc6 a5 35. Rc1 Nf6 36. Qc3 Qb6+ 37. Kh1 Kg8 38. Ra1 a4 39. Qa3 Nd5 40. Qxa4 Ne3 41. Qe8+ Kg7 42. Re1 Nf5 43. Qe5+ Kg6 44. g4 Nd4 45. Rd1 Ne6 46. Qf5+ Kg7 47. Rd7 1-0

[Event "Belgrade Trophy 33rd"]
[Site "Belgrade"]
[Date "2019.11.24"]
[Round "1"]
[White "Rajkovic, Mladen"]
[Black "Bozanis, Dimitrios"]
[Result "0-1"]
[WhiteElo "2377"]
[BlackElo "1943"]
[PlyCount "118"]
[EventDate "2019.11.24"]
[EventType "swiss"]
[EventRounds "9"]
[EventCountry "SRB"]
[SourceTitle "CBM 193 Extra"]
[Source "ChessBase"]
[SourceDate "2020.01.31"]
[SourceVersion "1"]
[SourceVersionDate "2020.01.31"]
[SourceQuality "1"]

1. e4 c5 2. Ne2 d6 3. d4 cxd4 4. Nxd4 Nf6 5. f3 e5 6. Bb5+ Nbd7 7. Nf5 d5 8. exd5 a6 9. Ba4 b5 10. Bb3 Nc5 11. Ne3 Bd6 12. c4 e4 13. 0-0 Qc7 14. g3 Bh3 15. Ng2 0-0 16. cxb5 axb5 17. Qc2 Rfe8 18. Be3 exf3 19. Rxf3 Ng4 20. Bf2 Nxb3 21. Qxc7 Bxc7 22. Rxb3 Re2 23. Rf3 Nxf2 24. Nc3 Rxb2 25. Rxf2 Bb6 26. Nd1 Bxf2+ 27. Nxf2 Bxg2 28. Kxg2 Raxa2 29. Rf1 Rd2 30. Kf3 Rxd5 31. Rc1 g6 32. Ne4 Rf5+ 33. Ke3 Rxh2 34. g4 Rh3+ 35. Kd4 Rf4 36. Ke5 Rxe4+ 37. Kxe4 b4 38. Rc7 h5 39. g5 Rg3 40. Rc5 b3 41. Rb5 b2 42. Kf4 Rg4+ 43. Kf3 Kg7 44. Kf2 b1Q 45. Rxb1 Rxg5 46. Kf3 Rg4 47. Rb6 f5 48. Ra6 Kh6 49. Ra8 Kg5 50. Rb8 h4 51. Rh8 Rg3+ 52. Kf2 Kg4 53. Rh6 g5 54. Rh8 h3 55. Rh7 f4 56. Kf1 Rg2 57. Rg7 f3 58. Rg8 h2 59. Rh8 Rg1+ 0-1

[Event "SRB-chT 1st League"]
[Site "Bajina Basta"]
[Date "2019.09.17"]
[Round "6.17"]
[White "Bozic, Milan"]
[Black "Rajkovic, Mladen"]
[Result "0-1"]
[WhiteElo "2279"]
[BlackElo "2371"]
[PlyCount "76"]
[EventDate "2019.09.13"]
[EventType "team-tourn"]
[EventRounds "11"]
[EventCountry "SRB"]
[SourceTitle "CBM 195 Extra"]
[Source "ChessBase"]
[SourceDate "2020.05.31"]
[SourceVersion "1"]
[SourceVersionDate "2020.05.31"]
[SourceQuality "1"]
[WhiteTeam "Sveti Nikolaj Srpski"]
[BlackTeam "Lucani Mladost"]
[WhiteTeamCountry "SRB"]
[BlackTeamCountry "SRB"]

1. c4 e5 2. Nc3 Nc6 3. g3 g6 4. Bg2 Bg7 5. Nf3 d6 6. d3 Nge7 7. 0-0 0-0 8. Rb1 a5 9. a3 f5 10. Bd2 h6 11. b4 axb4 12. axb4 Be6 13. Ne1 e4 14. dxe4 Bxc4 15. exf5 Nxf5 16. Nd3 Nfd4 17. Nf4 Qe8 18. b5 Na5 19. Bd5+ Kh7 20. Bxc4 Nxc4 21. Rb4 Qf7 22. Nfd5 Na5 23. Be1 Nab3 24. f4 Ra1 25. Qd3 Nc1 26. Qd2 Ncxe2+ 27. Nxe2 Nxe2+ 28. Qxe2 Qxd5 29. Qc4 Qf5 30. Qxc7 Re8 31. Bf2 Rxf1+ 32. Kxf1 Qd3+ 33. Kg1 Re2 34. f5 Qd1+ 35. Kg2 Rxf2+ 36. Kxf2 Qd2+ 37. Kf3 Qxb4 38. f6 Qb3+ 0-1

[Event "SRB-chT"]
[Site "Subotica"]
[Date "2019.08.31"]
[Round "10.4"]
[White "Rajkovic, Mladen"]
[Black "Roganovic, Milos"]
[Result "0-1"]
[WhiteElo "2371"]
[BlackElo "2505"]
[PlyCount "60"]
[EventDate "2019.08.22"]
[EventType "team-tourn"]
[EventRounds "11"]
[EventCountry "SRB"]
[SourceTitle "EXT 2020"]
[Source "ChessBase"]
[SourceDate "2019.10.17"]
[SourceVersion "1"]
[SourceVersionDate "2019.10.17"]
[SourceQuality "1"]
[WhiteTeam "Pancevo Gligoric"]
[BlackTeam "Goracici Jelica"]
[WhiteTeamCountry "SRB"]
[BlackTeamCountry "SRB"]

1. e4 c5 2. Ne2 Nf6 3. Nbc3 Nc6 4. g3 g6 5. Bg2 Bg7 6. d3 0-0 7. h3 Rb8 8. f4 e6 9. e5 Ne8 10. Be3 d6 11. d4 Qa5 12. exd6 Nxd6 13. dxc5 Nc4 14. Qc1 Nxe3 15. Qxe3 Nb4 16. Rc1 Nd5 17. Bxd5 exd5 18. Kf2 Bd7 19. Nxd5 Rfe8 20. b4 Qxa2 21. Qb3 Qxb3 22. cxb3 Re4 23. Nec3 Rd4 24. Rcd1 Be6 25. Kf3 Rxd1 26. Rxd1 Bxh3 27. Ne4 h5 28. Ndf6+ Bxf6 29. Nxf6+ Kg7 30. Rd6 Be6 0-1

[Event "Veliko Gradiste Silver Lake op"]
[Site "Veliko Gradiste"]
[Date "2019.06.18"]
[Round "4"]
[White "Rajkovic, Mladen"]
[Black "Savic, Miodrag R"]
[Result "0-1"]
[WhiteElo "2360"]
[BlackElo "2503"]
[PlyCount "154"]
[EventDate "2019.06.16"]
[EventType "swiss"]
[EventRounds "9"]
[EventCountry "SRB"]
[SourceTitle "CBM 191 Extra"]
[Source "ChessBase"]
[SourceDate "2019.09.30"]
[SourceVersion "1"]
[SourceVersionDate "2019.09.30"]
[SourceQuality "1"]

1. e4 d5 2. exd5 Qxd5 3. Nc3 Qa5 4. d4 c6 5. Nf3 Nf6 6. Bc4 Bf5 7. Bd2 Nbd7 8. 0-0 Qc7 9. Nh4 Bg6 10. f4 Nb6 11. Bb3 Qd7 12. Qe1 Bf5 13. Qe5 g6 14. Rae1 Bg7 15. Nxf5 gxf5 16. Kh1 Rd8 17. Bc1 Kf8 18. Qa5 Nc8 19. Ne2 b6 20. Qa4 Nd6 21. Ng1 Nfe4 22. Nf3 c5 23. Qxd7 Rxd7 24. Ne5 Rc7 25. c3 cxd4 26. cxd4 e6 27. d5 Ke7 28. g4 Rhc8 29. gxf5 exf5 30. Be3 Kf8 31. Re2 Re8 32. Nc6 Nf6 33. Rfe1 Ng4 34. Bd2 a5 35. Bc3 Bxc3 36. bxc3 Nf2+ 37. Kg2 Rxe2 38. Rxe2 Nfe4 39. Re3 Rc8 40. a4 Kg7 41. Bd1 Nc4 42. Rh3 Re8 43. Nd4 Ned6 44. Kf2 Re4 45. Bf3 Re3 46. Rg3+ Kf6 47. Bg2 Rxg3 48. hxg3 Nb2 49. Ke3 Nxa4 50. Kd3 Nc5+ 51. Kc2 Nce4 52. Bxe4 Nxe4 53. Kd3 h5 54. Kc4 Nxg3 55. d6 h4 56. Kd5 Ne4 57. d7 Ke7 58. Nxf5+ Kxd7 59. Kxe4 a4 60. Nd4 a3 61. c4 a2 62. Nb3 Ke6 63. c5 bxc5 64. Nxc5+ Kd6 65. Nb3 f5+ 66. Kf3 Kd5 67. Kg2 Kc4 68. Na1 Kc3 69. Kh3 Kb2 70. Kxh4 Kxa1 71. Kg5 Kb2 72. Kxf5 a1Q 73. Ke6 Qa6+ 74. Ke5 Qa8 75. f5 Qe8+ 76. Kf6 Qf8+ 77. Kg6 Kc3 0-1

[Event "Veliko Gradiste Silver Lake op"]
[Site "Veliko Gradiste"]
[Date "2019.06.16"]
[Round "1"]
[White "Mitali, Madhukar Patil"]
[Black "Rajkovic, Mladen"]
[Result "0-1"]
[WhiteElo "2045"]
[BlackElo "2360"]
[PlyCount "66"]
[EventDate "2019.06.16"]
[EventType "swiss"]
[EventRounds "9"]
[EventCountry "SRB"]
[SourceTitle "CBM 191 Extra"]
[Source "ChessBase"]
[SourceDate "2019.09.30"]
[SourceVersion "1"]
[SourceVersionDate "2019.09.30"]
[SourceQuality "1"]

1. e4 e5 2. Nf3 Nc6 3. d4 exd4 4. Bc4 Bc5 5. Ng5 Nh6 6. Nxf7 Nxf7 7. Bxf7+ Kxf7 8. Qh5+ g6 9. Qxc5 d6 10. Qb5 Re8 11. 0-0 Rxe4 12. Qd5+ Re6 13. Bg5 Qh8 14. f4 Ne7 15. Qc4 c6 16. Bxe7 d5 17. Qb3 Rxe7 18. Nd2 Bg4 19. Nf3 Bxf3 20. Rxf3 Qf6 21. a4 Rae8 22. a5 Kg8 23. Raf1 Qf5 24. Qb4 Qxc2 25. Qxd4 Re2 26. Rg3 Re1 27. Qd3 Qc5+ 28. Kh1 Rxf1+ 29. Qxf1 Qb4 30. Rc3 d4 31. Rc1 d3 32. h3 d2 33. Rc4 Re1 0-1